Countries KLT has covered - Statistics

General Stats
  • This quiz has been taken 32 times
  • The average score is 62 of 132
Answers on the Map
Answers color-coded by a green-red scale on the quiz's map according to % correct below.
 
Answer Stats
Country % Correct
China
75%
United States
75%
Algeria
69%
Canada
69%
Russia
69%
Albania
63%
Angola
63%
Democratic Republic of the Congo
63%
Mexico
63%
Mongolia
63%
North Korea
63%
Denmark
56%
Dominican Republic
56%
Egypt
56%
Ethiopia
56%
France
56%
Germany
56%
Greece
56%
Italy
56%
Japan
56%
Kazakhstan
56%
Morocco
56%
Netherlands
56%
Norway
56%
Panama
56%
Peru
56%
Poland
56%
South Africa
56%
Spain
56%
Tunisia
56%
Antigua and Barbuda
50%
Argentina
50%
Belgium
50%
Belize
50%
Bolivia
50%
Brazil
50%
Cameroon
50%
Chad
50%
Chile
50%
Colombia
50%
Costa Rica
50%
El Salvador
50%
Finland
50%
Guatemala
50%
Haiti
50%
Honduras
50%
Iceland
50%
India
50%
Iran
50%
Ireland
50%
Jamaica
50%
Kenya
50%
Myanmar
50%
Nicaragua
50%
Nigeria
50%
Pakistan
50%
Portugal
50%
Romania
50%
Saudi Arabia
50%
South Korea
50%
Sweden
50%
Switzerland
50%
Syria
50%
Turkey
50%
United Kingdom
50%
Venezuela
50%
Zambia
50%
Afghanistan
44%
Andorra
44%
Australia
44%
Austria
44%
Bahamas
44%
Botswana
44%
Cambodia
44%
Croatia
44%
Cuba
44%
Czech Republic
44%
Dominica
44%
Ecuador
44%
Eritrea
44%
Estonia
44%
Gabon
44%
Guyana
44%
Hungary
44%
Indonesia
44%
Iraq
44%
Jordan
44%
Latvia
44%
Malaysia
44%
Montenegro
44%
Paraguay
44%
Slovakia
44%
Suriname
44%
Thailand
44%
Trinidad and Tobago
44%
Ukraine
44%
Uruguay
44%
Vatican City
44%
Vietnam
44%
Armenia
38%
Bangladesh
38%
Barbados
38%
Benin
38%
Bhutan
38%
Brunei
38%
Bulgaria
38%
Georgia
38%
Guinea-Bissau
38%
Ivory Coast
38%
Kuwait
38%
Lebanon
38%
Liechtenstein
38%
Luxembourg
38%
New Zealand
38%
Philippines
38%
Qatar
38%
Saint Vincent and the Grenadines
38%
Tajikistan
38%
Tonga
38%
United Arab Emirates
38%
Zimbabwe
38%
Bahrain
31%
Belarus
31%
Burundi
31%
Cyprus
31%
East Timor
31%
Malta
31%
Monaco
31%
Saint Lucia
31%
Singapore
31%
São Tomé Príncipe
25%
Eswatini
6%
No matching quizzes found
Score Distribution
Percent of People with Each Score
Percentile by Number Answered
Your Score History
You have not taken this quiz